00427 2200169 4500245006700000020001800067250000900085100001500094700002000109650001600129005001900145260003400164041001400198084001100212300002500223336000900248 aMemoritmo b : Ada Cerita dalam Setiap NadacAnto AriefhText a602-220-072-5 a2012 aAnto Arief aSyafial Rustama aNovel Fiksi a20240904131418 aJakarta SelatanbBukunec2012 aIndonesia a808.83 a180 halaman :c19 cm atext